| 000 | 01201cam a2200325 a 4500 | ||
|---|---|---|---|
| 999 |
_c27692 _d27692 |
||
| 001 | 692230 | ||
| 003 | OSt | ||
| 005 | 20170210082919.0 | ||
| 008 | 960912s1997 paua bi 001 0beng | ||
| 010 | _a 96041948 | ||
| 020 | _a0962084484 | ||
| 035 | _a(DLC) 96041948 | ||
| 040 |
_aDLC _cDLC _dDLC |
||
| 043 | _an-us--- | ||
| 050 | 0 | 0 |
_aND237.A829 _bA88 1997 |
| 082 | 0 | 0 |
_a759.13 _220 |
| 100 | 1 | _aAustrian, Geoffrey. | |
| 245 | 1 | 0 |
_aBen Austrian, artist / _cby Geoffrey D. Austrian. |
| 250 | _a1st ed. | ||
| 260 |
_aLaurys Station, PA : _bGarrigues House, _cc1997. |
||
| 300 |
_aviii, 120 p. : _bill. (some col.) ; _c28 cm. |
||
| 504 | _aIncludes bibliographical references (p. 117-118) and index. | ||
| 600 | 1 | 0 |
_aAustrian, Ben, _d1870-1921. |
| 650 | 0 |
_aPainters _zUnited States _xBiography. |
|
| 906 |
_a7 _bcbc _corignew _d1 _eocip _f19 _gy-gencatlg |
||
| 942 |
_2lcc _cBOOKS _hND 237 .A829A88 1997 |
||